[Event "Druga liga CS - Istok 2018 grupa sever"]
[Site ""]
[Date "2018.09.09"]
[Round "5.16"]
[White "Manic, Veljko"]
[Black "Kandjolas, Konstantin"]
[Result "1-0"]
[WhiteElo "1902"]
[BlackElo "1915"]
[PlyCount "0"]
[WhiteTeam "RADNICKI - Cuprija"]
[BlackTeam "POZAREVACKI SK -Pozarevac"]
[EventDate "2018.09.07"]

1.e4 c5 2.Nf3 e6 3.d4 cxd4 4.Nxd4 a6 5.Nc3 Qc7 6.a3 Nf6 7.Be2
d6 8.Be3 Be7 9.O-O b5 10.f4 Bb7 11.Bf3 Nbd7 12.Qe2 Nb6 13.Bf2
O-O 14.Qd3 Nfd7 15.Rfe1 Rac8 16.Rac1 Rfd8 17.Qe2 Bf6 18.f5 Bxd4
19.Bxd4 e5 20.Bf2 Nc4 21.Nd1 Ndb6 22.f6 g6 23.b3 Nxa3 24.Qe3
Nd7 25.Qh6 Nxf6 26.Bh4 Qe7 27.Ne3 Qf8 28.Qxf8+ Rxf8 29.Bxf6 Rfe8
30.Red1 Rc3 31.Rd3 Rec8 32.Rxc3 Rxc3 33.Kf2 b4 34.Be7 Nb5 35.Rd1
Nd4 36.Bxd6 Nxc2 37.Bxe5 Rc8 38.Bg4 Nxe3 39.Kxe3 Re8 40.Kd4 Rd8+
41.Kc5 Rxd1 42.Bxd1 Bxe4 43.g3 f5 44.Be2 Kf7 45.Bxa6 Ke6 46.Bd4
g5 47.Bc4+ Ke7 48.Be5 h5 49.Kxb4 Bf3 50.Kc5 Kd7 51.b4 Be4 52.b5
h4 53.b6 hxg3 54.hxg3 Bb7 55.Bd5 Ba6 56.b7 Bxb7 57.Bxb7 f4 58.g4
Ke6 59.Bb8 1-0

[Event "Druga liga CS - Istok 2018 grupa sever"]
[Site ""]
[Date "2018.09.09"]
[Round "5.17"]
[White "Dubravcic, Nikola"]
[Black "Stanisavljevic, Vladan"]
[Result "1-0"]
[WhiteElo "1815"]
[BlackElo "1882"]
[PlyCount "0"]
[WhiteTeam "POZAREVACKI SK -Pozarevac"]
[BlackTeam "RADNICKI - Cuprija"]
[EventDate "2018.09.07"]

1.e4 e6 2.d3 Nc6 3.Nf3 d5 4.Qe2 dxe4 5.dxe4 Bc5 6.c3 h6 7.g3
e5 8.Bg2 Nf6 9.O-O O-O 10.Nbd2 a6 11.h3 Re8 12.Rd1 Qe7 13.b4
Ba7 14.a4 Nb8 15.Nc4 Nbd7 16.Ba3 Qe6 17.Nfd2 Nb6 18.Bb2 Bd7 19.Nxb6
Bxb6 20.c4 Ba7 21.Nf3 c5 22.Nxe5 cxb4 23.Nxd7 Nxd7 24.Qd2 Nb6
25.c5 Nc4 26.Qxb4 Nxb2 27.Qxb2 Bxc5 28.Qxb7 Rad8 29.Rac1 Rxd1+
30.Rxd1 a5 31.Qb5 Bb4 32.Bf3 Rf8 33.Kg2 Qb3 34.Rd3 Qa2 35.Bd1
Qe6 36.Qb7 Re8 37.Re3 Rf8 38.Bb3 Qe7 39.Qb5 Qc5 40.Qd7 Qe7 41.Qf5
Qg5 42.Qxg5 hxg5 43.Kf3 Kh7 44.Kg4 Kg6 45.f4 gxf4 46.gxf4 Re8
47.e5 Bd2 48.f5+ Kh6 49.Bxf7 Bxe3 50.Bxe8 Bd4 51.Kf4 Bb2 52.h4
Bc3 53.Ke4 Kh7 54.Bf7 Be1 55.Kd5 Bxh4 56.Kd6 Bg3 57.Kd5 g5 58.f6
g4 59.e6 Bh4 60.e7 1-0

[Event "Druga liga CS - Istok 2018 grupa sever"]
[Site ""]
[Date "2018.09.09"]
[Round "5.18"]
[White "Pantic, Dejan"]
[Black "Tosic, Jovan"]
[Result "1/2-1/2"]
[WhiteElo "1822"]
[BlackElo "1493"]
[PlyCount "0"]
[WhiteTeam "RADNICKI - Cuprija"]
[BlackTeam "POZAREVACKI SK -Pozarevac"]
[EventDate "2018.09.07"]

1.e4 d6 2.g3 c6 3.Bg2 g6 4.Ne2 Bg7 5.O-O Nf6 6.d4 Qc7 7.f4 O-O
8.c3 Bg4 9.h3 Bxe2 10.Qxe2 Nh5 11.Kh2 e5 12.dxe5 dxe5 13.f5 Nd7
14.Bf3 Nhf6 15.g4 h6 16.Be3 g5 17.h4 Nh7 18.hxg5 Nxg5 19.Kg2
f6 20.Rh1 Rfd8 21.Nd2 Nf8 22.Nf1 Nfh7 23.Ng3 Nxf3 24.Kxf3 Ng5+
25.Bxg5 fxg5 26.Nh5 Rd6 27.Rad1 Rad8 28.Qc4+ Qf7 29.Qxf7+ Kxf7
30.Ke2 Bf8 31.Rxd6 Rxd6 32.Rd1 b6 33.Rxd6 Bxd6 34.Ng3 Bc5 35.Kd3
b5 36.b4 Bb6 37.c4 Bg1 38.cxb5 cxb5 39.Ne2 Bb6 40.Nc3 a6 41.a4
Bd4 42.axb5 Bxc3 43.Kxc3 1/2-1/2

[Event "Druga liga CS - Istok 2018 grupa sever"]
[Site ""]
[Date "2018.09.09"]
[Round "5.21"]
[White "Marjanovic, Dejan"]
[Black "Garic, Radomir"]
[Result "1/2-1/2"]
[WhiteElo "2382"]
[BlackElo "2304"]
[PlyCount "0"]
[WhiteTeam "RUDAR - Kostolac"]
[BlackTeam "MAJDANPEK - Majdanpek"]
[EventDate "2018.09.07"]

1.d4 Nf6 2.c4 Nc6 3.Nf3 e6 4.a3 g6 5.Nc3 Bg7 6.e4 d6 7.Be2 O-O
8.O-O Re8 9.d5 exd5 10.cxd5 Ne7 11.Bf4 Bg4 12.h3 Bxf3 13.Bxf3
h6 14.h4 Kh7 15.Rc1 a6 16.Re1 Nd7 17.Be2 Ng8 18.Bg3 h5 19.Qd2
Bf6 20.Qf4 Kg7 21.Rc2 Rc8 22.Bf1 Be5 23.Qf3 Bf6 24.Qf4 Be5 1/2-1/2

[Event "Druga liga CS - Istok 2018 grupa sever"]
[Site ""]
[Date "2018.09.09"]
[Round "5.23"]
[White "Djordjevic, Nebojsa"]
[Black "Ugrenovic, Bozidar"]
[Result "1/2-1/2"]
[WhiteElo "2284"]
[BlackElo "2228"]
[PlyCount "0"]
[WhiteTeam "RUDAR - Kostolac"]
[BlackTeam "MAJDANPEK - Majdanpek"]
[EventDate "2018.09.07"]

1.d4 Nf6 2.c4 c5 3.dxc5 Na6 4.a3 Nxc5 5.b4 Na6 6.e3 e6 7.Nf3
b6 8.Be2 Bb7 9.O-O Be7 10.Bb2 O-O 11.Nbd2 Nc7 12.Qc2 Rc8 13.Ng5
Nce8 14.Rfd1 d5 15.Rac1 h6 16.Ngf3 Qc7 17.Qb1 Qb8 18.cxd5 Nxd5
19.Rxc8 Qxc8 20.Rc1 Qa8 21.Bf1 Nef6 22.Nd4 Rd8 23.b5 Rd7 24.Nc4
Bd6 25.Nxd6 Rxd6 26.e4 Nf4 27.f3 Nxe4 28.fxe4 Bxe4 29.Rc8+ Qxc8
30.Qxe4 Ng6 31.Nc6 Qd7 32.Bc3 f5 33.Qa4 Rd1 34.Bd4 Rd2 35.Qb4
Rd1 36.Kf2 Qd5 37.Be2 Qa2 38.Bc3 Rc1 39.Qd4 e5 40.Nxe5 Nf4 41.Qc4+
Qxc4 42.Bxc4+ Kh7 43.Bd2 Rc2 44.Ke1 Ng6 45.Bg8+ Kxg8 46.Nxg6
Rc5 47.Ne7+ Kf7 48.Nc6 Rxb5 49.Nxa7 Rc5 50.Bb4 Rc2 51.Kf1 g5
52.Nb5 Kg6 53.Nd4 Rc4 54.Ne2 f4 55.Nc3 Kf7 56.Ke2 Ke6 57.Kd3
Rc8 58.Ke4 Rc4+ 59.Kd3 Rc8 60.Ke4 Rc4+ 1/2-1/2

[Event "Druga liga CS - Istok 2018 grupa sever"]
[Site ""]
[Date "2018.09.09"]
[Round "5.24"]
[White "Milunovic, Toni"]
[Black "Zafirovski, Mite"]
[Result "1/2-1/2"]
[WhiteElo "2174"]
[BlackElo "2245"]
[PlyCount "0"]
[WhiteTeam "MAJDANPEK - Majdanpek"]
[BlackTeam "RUDAR - Kostolac"]
[EventDate "2018.09.07"]

1.Nf3 Nf6 2.c4 e6 3.d4 b6 4.g3 Bb7 5.Bg2 Be7 6.O-O O-O 7.Nc3
Ne4 8.Bd2 f5 9.d5 Bf6 10.Rc1 Na6 11.Be1 Bxc3 12.Bxc3 Nxc3 13.Rxc3
Nc5 14.Qd4 a5 15.Rd1 d6 16.dxe6 Nxe6 17.Qd2 Qf6 18.Nd4 Bxg2 19.Nxe6
Qxe6 20.Kxg2 Rae8 1/2-1/2

[Event "Druga liga CS - Istok 2018 grupa sever"]
[Site ""]
[Date "2018.09.09"]
[Round "5.25"]
[White "Maksimovic, Boban"]
[Black "Simic, Petar S"]
[Result "1-0"]
[WhiteElo "2213"]
[BlackElo "2031"]
[PlyCount "0"]
[WhiteTeam "RUDAR - Kostolac"]
[BlackTeam "MAJDANPEK - Majdanpek"]
[EventDate "2018.09.07"]

1.c4 c5 2.Nc3 Nc6 3.Nf3 e5 4.e3 Nf6 5.d4 cxd4 6.exd4 exd4 7.Nxd4
d5 8.Ndb5 d4 9.Bf4 Bb4 10.Nc7+ Kf8 11.a3 Bg4 12.f3 dxc3 13.axb4
Qe7+ 14.Kf2 Ne4+ 15.Kg1 cxb2 16.Ra3 Rd8 17.Qc2 Qxb4 18.Rb3 Qc5+
19.Be3 Nd4 20.Qxe4 Bf5 21.Bxd4 Qa5 22.Qh4 1-0

[Event "Druga liga CS - Istok 2018 grupa sever"]
[Site ""]
[Date "2018.09.09"]
[Round "5.26"]
[White "Delic, Brano"]
[Black "Nikolic, Zeljko"]
[Result "0-1"]
[WhiteElo "1830"]
[BlackElo "2206"]
[PlyCount "0"]
[WhiteTeam "MAJDANPEK - Majdanpek"]
[BlackTeam "RUDAR - Kostolac"]
[EventDate "2018.09.07"]

1.b4 a5 2.b5 d5 3.Bb2 Bf5 4.e3 e6 5.Nf3 a4 6.a3 Nd7 7.d4 Ngf6
8.Nbd2 Be7 9.Be2 h6 10.O-O O-O 11.Ne5 Nb6 12.c4 dxc4 13.Ndxc4
Nxc4 14.Bxc4 Nd7 15.Nxd7 Qxd7 16.Qe2 Be4 17.f3 Bd5 18.Bd3 c6
19.Rfd1 cxb5 20.Bxb5 Bc6 21.Bd3 Rfc8 22.Rac1 b5 23.Rxc6 Qxc6
24.Be4 Qb6 25.Bxa8 Rxa8 26.Rb1 b4 27.Bc1 b3 28.Bb2 Rc8 29.Rc1
Rxc1+ 30.Bxc1 Qc7 31.Bb2 Bd6 32.Qd2 Bxh2+ 33.Kf1 Bd6 34.Ke2 Qe7
35.Qc1 Qg5 36.Qg1 h5 37.f4 Qg4+ 38.Kf2 h4 39.g3 Be7 40.Qg2 hxg3+
41.Ke1 Qf5 42.Ke2 Qh5+ 43.Ke1 Qf5 44.Ke2 Bh4 45.Bc1 Qc2+ 46.Bd2
Qc4+ 47.Ke1 b2 48.Qa8+ Kh7 49.Qe4+ f5 0-1

[Event "Druga liga CS - Istok 2018 grupa sever"]
[Site ""]
[Date "2018.09.09"]
[Round "5.27"]
[White "Krstic, Milos"]
[Black "Brankovan, Mario"]
[Result "1/2-1/2"]
[WhiteElo "2171"]
[BlackElo "1916"]
[PlyCount "0"]
[WhiteTeam "RUDAR - Kostolac"]
[BlackTeam "MAJDANPEK - Majdanpek"]
[EventDate "2018.09.07"]

1.e4 e5 2.Nf3 Qe7 3.Nc3 c6 4.Bc4 h6 5.d4 d6 6.a4 Bg4 7.dxe5 dxe5
8.h3 Bh5 9.Be3 Nf6 10.Qe2 Qc7 11.g4 Bg6 12.Nh4 Bh7 13.Nf5 Nbd7
14.f3 Bxf5 15.gxf5 Nh5 16.Qf2 Be7 17.Rg1 Bf6 18.Ne2 Nf4 19.Qh2
Nxe2 20.Qxe2 Nb6 21.Bb3 Rd8 22.Kf2 a5 23.Rg4 Nc8 24.Rgg1 Qe7
25.Rad1 Rxd1 26.Rxd1 O-O 27.Qd2 Rd8 28.Qxd8+ Qxd8 29.Rxd8+ Bxd8
30.f4 Bf6 31.fxe5 Bxe5 32.c3 Kf8 33.Bd4 f6 34.Be3 Ke7 35.Be6
Nd6 36.Kf3 Ne8 37.Bb6 Bc7 38.Bc5+ Bd6 1/2-1/2

[Event "Druga liga CS - Istok 2018 grupa sever"]
[Site ""]
[Date "2018.09.09"]
[Round "5.28"]
[White "Nikolic, Lazar"]
[Black "Tosic, Nebojsa"]
[Result "1/2-1/2"]
[WhiteElo "1569"]
[BlackElo "2085"]
[PlyCount "0"]
[WhiteTeam "MAJDANPEK - Majdanpek"]
[BlackTeam "RUDAR - Kostolac"]
[EventDate "2018.09.07"]

1.e4 d6 2.d4 Nf6 3.Nc3 Nbd7 4.Nf3 e5 5.dxe5 dxe5 6.Bc4 h6 7.O-O
Be7 8.h3 c6 9.a3 O-O 10.Be3 Re8 11.Qe2 Qc7 12.Rfd1 b5 13.Ba2
Nc5 14.Bxc5 Bxc5 15.b4 Bf8 16.Nb1 Nh5 17.Nbd2 Qe7 18.c4 Qf6 19.cxb5
cxb5 20.Rac1 Be7 21.Qxb5 Ba6 22.Qxe5 Nf4 23.Rc7 Kh8 24.Qxf6 Bxf6
25.Bxf7 Rf8 26.Nb3 Bd8 27.Rcd7 Be2 28.R1d2 Bxf3 29.gxf3 Nxh3+
30.Kh2 Ng5 31.Bh5 Bf6 32.Nc5 g6 33.f4 gxh5 34.fxg5 Bxg5 35.Rc2
Rf3 36.a4 Rg8 37.Nd3 Bf4+ 38.Nxf4 Rxf4 39.Kh3 Rf3+ 40.Kh2 Rf4 1/2-1/2